Poesía

Uloženo v:
Podrobná bibliografie
Hlavní autor: Manrique, Jorge (autor)
Médium: Kniha
Jazyk:španělština
Vydáno: Barcelona Vicens Vives 2005
Vydání:1a. ed
Edice:Clásicos Hispánicos, 24
Témata:
Tagy: Přidat tag
Žádné tagy, Buďte první, kdo vytvoří štítek k tomuto záznamu!

MARC

LEADER 00000cam a2200000 a 4500
001 UCG9463
003 CL-VaPUC
008 120316e20050000SP |||||||||||||||||spa|d
020 |a 9788431678012 
082 0 4 |a 861  |b MAN  |2 21 
100 |a Manrique, Jorge  |e autor  |9 321329 
245 1 0 |a Poesía 
250 |a 1a. ed 
300 |a 68 p 
942 |c BK 
945 |d 20120316 00:00:00  |a dcastane 
260 |a Barcelona  |b Vicens Vives  |c 2005 
650 0 |a Poesías españolas  |9 265100 
650 7 |a LITERATURA ESPAÑOLA SIGLO 15  |2 CL-VaPUC  |9 378282 
583 |a last modification  |c 20120316 11:38:00  |k Rodrigo Vera 
490 0 |a Clásicos Hispánicos, 24 
999 |c 347015  |d 347013